Travel agency and tour operations business (Record no. 290641)
[ view plain ]
| 000 -LEADER | |
|---|---|
| fixed length control field | 00506nam a2200133Ia 4500 |
| 008 - FIXED-LENGTH DATA ELEMENTS--GENERAL INFORMATION | |
| fixed length control field | 160216s9999 xx 000 0 und d |
| 100 ## - MAIN ENTRY--PERSONAL NAME | |
| Personal name | Central Board of Secondary Education |
| 245 ## - TITLE STATEMENT | |
| Title | Travel agency and tour operations business |
| 245 ## - TITLE STATEMENT | |
| Statement of responsibility, etc | Central Board of Secondary Education. |
| 260 ## - PUBLICATION, DISTRIBUTION, ETC. (IMPRINT) | |
| Date of publication, distribution, etc | 2011 |
| 650 ## - SUBJECT ADDED ENTRY--TOPICAL TERM | |
| General subdivision | Operations management. |
| 650 ## - SUBJECT ADDED ENTRY--TOPICAL TERM | |
| General subdivision | Travel agency. |
| 856 ## - ELECTRONIC LOCATION AND ACCESS | |
| Uniform Resource Identifier | <a href="http://psscive.nic.in/pdf/nvqef/cbse/CBSE%20Class%20XII%20Travel%20&%20Tourism/CBSE%20Class%20XII%20%20Travel%20Agency.pdf">http://psscive.nic.in/pdf/nvqef/cbse/CBSE%20Class%20XII%20Travel%20&%20Tourism/CBSE%20Class%20XII%20%20Travel%20Agency.pdf</a> |
| Withdrawn status | Lost status | Damaged status | Home library | Current library | Date acquired | Total Checkouts | Date last seen | Price effective from | Koha item type |
|---|---|---|---|---|---|---|---|---|---|
| College Library | College Library | 02/16/2016 | 02/16/2016 | 02/16/2016 | Curriculum - Based eBooks |